000 01428nam a2200325 c 4500
003 BLK
005 20250528084822.0
008 180408b bul|||||r ||||||| ||bul||
010 _aKNG00061229000
040 _aBLK
041 _aBUL
_cBUL
080 _aНемска литература
_b821.112.2
_x-96
_z821.112.2-96
100 1 _aНицше, Фридрих Вилхелм
_eпърви автор
_9363407
700 1 _aКайтазов, Георги
_eпрев. от нем.
_9363406
139 _aНицше, Фридрих Вилхелм
_bН 83
245 1 0 _a[Есе Хомо] Ессе Homo
_bКак се става такъв, какъвто си
_cФридрих Вилхелм Ницше; прев. от нем. Георги Кайтазов.
257 _aDEU
260 София
_bКХ
_c1991
300 _a136 с.
_c16 см
380 _aX
490 1 _aБиблиотека Семинар 100+
500 _aОриг. загл. Ессе Homo / Fr. Nietzsche. - Кн. е прил. на сп. Философия за ученици. - 5 000 тир. - Съдържа и Хроника на живота и творчеството.
653 _aфилософска литература
852 _aЦб І 25580
856 4 _qpdf
_u
856 4 _qpdf
_u
942 _cKNG
_n0
_015
944 _aCR
_c13.06.2004
_lМинев Младен
_k30530
944 _aED
_c04.02.2013
_lф /
_k
999 _c57234
_d57234